000 00949nam a2200265 a 4500
001 000023047
005 20260205101807.0
008 101125s1996 mx a 001 0 spa d
020 _a9688806226
040 _aDO-SdBNP
_bspa
_cBNPHU
082 _a657.450285
_bC278a
100 1 _aCarlberg, Conrad George
_947426
245 1 0 _aAnálisis de los negocios con excel /
_cConrad Carlberg ; traducción de Gabriel Sánchez García.
260 _aMéxico, D. F. :
_bPrentice Hall Hispanoamericana,
_c1996.
300 _axviii, 569 p. :
_bil. ;
_c24 cm. +
_eDiskette.
500 _aIncluye glosario de términos.
500 _aIncluye índice alfabético.
500 _aIncluye disco con hojas de cálculo elaboradas con excel.
650 0 _aAdministración industrial
_95872
650 0 _aNegocios
_927821
650 4 _aExcel (programa para computador)
_947427
700 1 _aSánchez García, Gabriel,
_etr.
_944836
910 _aWM
049 _aBNGR
999 _c22544
_d22544